সীরাত বিশ্বকোষ / (Record no. 12874)
[ view plain ]
| 000 -LEADER | |
|---|---|
| fixed length control field | 01082nam a2200265 a 4500 |
| 001 - CONTROL NUMBER | |
| JCCL Control Number | 12874 |
| 003 - CONTROL NUMBER IDENTIFIER | |
| JCCL marc code | BD-JhCC |
| 005 - DATE AND TIME OF LATEST TRANSACTION | |
| control field | 20230521201444.0 |
| 008 - FIXED-LENGTH DATA ELEMENTS--GENERAL INFORMATION | |
| fixed length control field | 230521s2019 b a|||| |||| 001 0 mul d |
| 020 ## - INTERNATIONAL STANDARD BOOK NUMBER | |
| International Standard Book Number | 9789849308768 |
| 035 ## - SYSTEM CONTROL NUMBER | |
| system control number | (BD-JhCC)12874 |
| 040 ## - CATALOGING SOURCE | |
| Original cataloging agency | BD-JhCC |
| Modifying agency | BD-JhCC |
| 041 ## - LANGUAGE CODE | |
| Language code of Book | Bengla and Arabic |
| 082 ## - DEWEY DECIMAL CLASSIFICATION NUMBER | |
| Classification number | 297.63 |
| Author mark and Year | SIR 2019 |
| 245 ## - TITLE STATEMENT | |
| Title | সীরাত বিশ্বকোষ / |
| Statement of responsibility, etc | মুহসিন ফারানি ...[et. al]. এবং আবদুল্লাহ আল ফারুক (অনু.) |
| 260 ## - PUBLICATION, DISTRIBUTION, ETC. (IMPRINT) | |
| Place of publication, distribution, etc | ঢাকা : |
| Name of publisher, distributor, etc | মাকতাবাতুল আযহার, |
| Date of publication, distribution, etc | ২০১৯ |
| 300 ## - PHYSICAL DESCRIPTION | |
| Pagination | খন্ড ১-১১ |
| Other physical details | চিত্রবলী সংযোজিত; |
| Dimensions | ২১ সেমি. |
| 504 ## - BIBLIOGRAPHY, ETC. NOTE | |
| Bibliography, etc | গ্রন্থপঞ্জি ও নির্ঘন্ট সংযোজিত। |
| 600 ## - SUBJECT ADDED ENTRY--PERSONAL NAME | |
| Personal name | Muhammad (sm.) |
| Title of a work | The Profeth |
| 650 ## - SUBJECT ADDED ENTRY--TOPICAL TERM | |
| Topical term or geographic name as entry element | Biography |
| 650 ## - SUBJECT ADDED ENTRY--TOPICAL TERM | |
| Topical term or geographic name as entry element | The Messenger |
| 700 ## - ADDED ENTRY--PERSONAL NAME | |
| Personal name | ফারানি, মুহসিন |
| 700 ## - ADDED ENTRY--PERSONAL NAME | |
| Personal name | আল ফারুক, আবদুল্লাহ |
| 942 ## - ADDED ENTRY ELEMENTS (KOHA) | |
| Source of classification or shelving scheme | Dewey Decimal Classification |
| Koha item type | Books |
| Source of classification or shelving scheme | volume number | Damaged status | Not for loan | Home library | Current library | Shelving location | Date of accession | Cost, normal purchase price | Total Checkouts | Full call number | Barcode | Checked out | Date last seen | Date checked out | Copy number | Method of acquisition | Koha item type | Currency |
|---|---|---|---|---|---|---|---|---|---|---|---|---|---|---|---|---|---|---|
| Dewey Decimal Classification | V-1 | JCC Rouf Library | JCC Rouf Library | General Stacks | 05/21/2023 | 545.00 | 1 | 297.63 SIR 2019 | 18023 | 02/28/2026 | 01/22/2026 | 01/22/2026 | C-1 | Purchase | Books | BDT | ||
| Dewey Decimal Classification | V-2 | JCC Rouf Library | JCC Rouf Library | General Stacks | 05/21/2023 | 545.00 | 297.63 SIR 2019 | 18024 | 05/21/2023 | C-1 | Purchase | Books | BDT | |||||
| Dewey Decimal Classification | V-3 | JCC Rouf Library | JCC Rouf Library | General Stacks | 05/21/2023 | 545.00 | 297.63 SIR 2019 | 18025 | 05/21/2023 | C-1 | Purchase | Books | BDT | |||||
| Dewey Decimal Classification | V-4 | JCC Rouf Library | JCC Rouf Library | General Stacks | 05/21/2023 | 545.00 | 297.63 SIR 2019 | 18026 | 05/21/2023 | C-1 | Purchase | Books | BDT | |||||
| Dewey Decimal Classification | V-5 | JCC Rouf Library | JCC Rouf Library | General Stacks | 05/21/2023 | 545.00 | 297.63 SIR 2019 | 18027 | 05/21/2023 | C-1 | Purchase | Books | BDT | |||||
| Dewey Decimal Classification | V-6 | JCC Rouf Library | JCC Rouf Library | General Stacks | 05/21/2023 | 545.00 | 297.63 SIR 2019 | 18028 | 05/21/2023 | C-1 | Purchase | Books | BDT | |||||
| Dewey Decimal Classification | V-7 | JCC Rouf Library | JCC Rouf Library | General Stacks | 05/21/2023 | 545.00 | 297.63 SIR 2019 | 18029 | 05/21/2023 | C-1 | Purchase | Books | BDT | |||||
| Dewey Decimal Classification | V-8 | JCC Rouf Library | JCC Rouf Library | General Stacks | 05/21/2023 | 545.00 | 297.63 SIR 2019 | 18030 | 05/21/2023 | C-1 | Purchase | Books | BDT | |||||
| Dewey Decimal Classification | V-9 | JCC Rouf Library | JCC Rouf Library | General Stacks | 05/21/2023 | 545.00 | 297.63 SIR 2019 | 18031 | 05/21/2023 | C-1 | Purchase | Books | BDT | |||||
| Dewey Decimal Classification | V-10 | JCC Rouf Library | JCC Rouf Library | General Stacks | 05/21/2023 | 545.00 | 297.63 SIR 2019 | 18032 | 05/21/2023 | C-1 | Purchase | Books | BDT | |||||
| Dewey Decimal Classification | V-11 | JCC Rouf Library | JCC Rouf Library | General Stacks | 05/21/2023 | 545.00 | 297.63 SIR 2019 | 18033 | 05/21/2023 | C-1 | Purchase | Books | BDT |